[Event "Brasilia Terraviva op"]
[Site "Brasilia"]
[Date "2018.01.13"]
[Round "4"]
[White "Coutinho, Sidnei Bissacot"]
[Black "Serafim Junior, Arnor"]
[Result "1-0"]
[WhiteElo "2053"]
[BlackElo "1864"]
[PlyCount "81"]
[EventDate "2018.01.11"]
[EventType "swiss"]
[EventRounds "7"]
[EventCountry "BRA"]
[SourceTitle "CBM 182 Extra"]
[Source "ChessBase"]
[SourceDate "2018.02.23"]
[SourceVersion "1"]
[SourceVersionDate "2018.02.23"]
[SourceQuality "1"]

1. d4 g6 2. c4 Bg7 3. Nc3 d6 4. Nf3 Nc6 5. h3 e5 6. e3 Nf6 7. dxe5 dxe5 8. Qxd8+ Kxd8 9. Be2 Ke7 10. b3 Rd8 11. Ba3+ Ke8 12. Nb5 Rd7 13. 0-0 a6 14. Nc3 Rd8 15. Rad1 Bf5 16. g4 Bc2 17. Rc1 Bd3 18. Bxd3 Rxd3 19. g5 Ng8 20. Nd5 Rc8 21. Kg2 e4 22. Nd4 Nxd4 23. exd4 c6 24. Nf4 Rf3 25. Ne2 f5 26. Rfe1 Kf7 27. Bc5 Rd8 28. Rcd1 Rd3 29. Nf4 Rf3 30. d5 cxd5 31. Nxd5 Bf8 32. Bb6 Rd7 33. Ne3 Rd6 34. c5 Rxd1 35. Rxd1 f4 36. Nc4 Rc3 37. Rd7+ Ne7 38. Rxb7 Kg8 39. Nd6 Nd5 40. Nxe4 Rc2 41. Rd7 1-0

[Event "BRA-ch Amateur U2200"]
[Site "Sao Paulo"]
[Date "2016.05.26"]
[Round "2"]
[White "Coutinho, Sidnei Bissacot"]
[Black "Cadilhac, Igor Tokuichi Kikuc"]
[Result "0-1"]
[WhiteElo "2089"]
[BlackElo "2129"]
[PlyCount "126"]
[EventDate "2016.05.26"]
[EventType "swiss"]
[EventRounds "7"]
[EventCountry "BRA"]
[SourceTitle "EXT 2018"]
[Source "ChessBase"]
[SourceDate "2017.10.13"]
[SourceVersion "1"]
[SourceVersionDate "2017.10.13"]
[SourceQuality "1"]

1. e4 c5 2. Nf3 d6 3. d4 cxd4 4. Nxd4 Nf6 5. Nc3 g6 6. Be3 Bg7 7. f3 0-0 8. Qd2 Nc6 9. 0-0-0 d5 10. Nb3 dxe4 11. Qxd8 Rxd8 12. Rxd8+ Nxd8 13. fxe4 Ng4 14. Bc5 e5 15. Be2 b6 16. Rd1 Be6 17. Bg1 Bh6+ 18. Kb1 Ne3 19. Bxe3 Bxe3 20. Nd5 Bg5 21. g3 Kf8 22. Nd2 Bxd5 23. exd5 Bxd2 24. Rxd2 Nb7 25. Rd3 Ke7 26. Kc1 Rd8 27. Ra3 a5 28. Rb3 Rd6 29. c4 f5 30. Re3 Kf6 31. a3 a4 32. b4 axb3 33. Rxb3 Nc5 34. Rb5 e4 35. Kd2 Ke5 36. Kc3 g5 37. Bd1 e3 38. Be2 Ke4 39. Rb1 f4 40. Rf1 Rf6 41. Bf3+ Ke5 42. gxf4+ gxf4 43. Rg1 Ne4+ 44. Kd3 Nd2 45. Bd1 f3 46. Kxe3 f2 47. Rg3 Kd6 48. Be2 f1Q 49. Bxf1 Nxf1+ 50. Ke2 Kc5 51. Rg4 Nxh2 52. Rh4 Nf3 53. Rxh7 Kxc4 54. Rd7 Nd4+ 55. Ke3 Rd6 56. Rc7+ Kxd5 57. Ra7 Kc4 58. Ra4+ Kc3 59. Ra8 Kb3 60. a4 Nc2+ 61. Ke2 Kb4 62. Ra6 Nd4+ 63. Ke3 Nb3 0-1

[Event "Brasilia Terraviva op"]
[Site "Brasilia"]
[Date "2016.04.23"]
[Round "5"]
[White "Sa, Antonio Villar Marq"]
[Black "Coutinho, Sidnei Bissacot"]
[Result "1-0"]
[WhiteElo "1919"]
[BlackElo "2101"]
[PlyCount "115"]
[EventDate "2016.04.21"]
[EventType "swiss"]
[EventRounds "7"]
[EventCountry "BRA"]
[SourceTitle "CBM 172 Extra"]
[Source "ChessBase"]
[SourceDate "2016.06.21"]
[SourceVersion "1"]
[SourceVersionDate "2016.06.21"]
[SourceQuality "1"]

1. e4 c5 2. Nf3 e6 3. d3 Nc6 4. g3 g6 5. Bg2 Bg7 6. 0-0 Nge7 7. c3 d5 8. Nbd2 0-0 9. Qc2 b6 10. Re1 Ba6 11. Bf1 Qc7 12. Rb1 f5 13. exf5 Rxf5 14. Bh3 Raf8 15. Bxf5 Nxf5 16. b4 cxb4 17. cxb4 Qd6 18. b5 Ncd4 19. Qa4 Bxb5 20. Rxb5 Qc6 21. Rb4 b5 22. Qd1 Nc2 23. Rb1 Nxe1 24. Qxe1 Bc3 25. Ba3 Rf6 26. Qc1 a5 27. Rb3 b4 28. Bb2 d4 29. a3 Qd5 30. axb4 axb4 31. Qd1 Nd6 32. Bxc3 dxc3 33. Rxb4 cxd2 34. Nxd2 Qxd3 35. Qe1 Qd5 36. Rb8+ Kg7 37. Rd8 Qc6 38. Qa1 Qb6 39. Rd7+ Nf7 40. Ne4 e5 41. Qxe5 Qe6 42. Qxf6+ Qxf6 43. Nxf6 Kxf6 44. f4 h5 45. Kf2 Nh6 46. h3 Ke6 47. Ra7 Nf5 48. Ra6+ Kf7 49. Kf3 Nd4+ 50. Ke4 Ne2 51. g4 hxg4 52. hxg4 Nc3+ 53. Ke5 Nb5 54. Rc6 Kg7 55. f5 gxf5 56. gxf5 Kf7 57. Rc5 Na3 58. Rc7+ 1-0

[Event "Brasilia Terraviva op"]
[Site "Brasilia"]
[Date "2016.04.21"]
[Round "2"]
[White "Coutinho, Sidnei Bissacot"]
[Black "Quintiliano Pinto, Renato Rodrigues"]
[Result "0-1"]
[WhiteElo "2101"]
[BlackElo "2420"]
[PlyCount "53"]
[EventDate "2016.04.21"]
[EventType "swiss"]
[EventRounds "7"]
[EventCountry "BRA"]
[SourceTitle "CBM 172 Extra"]
[Source "ChessBase"]
[SourceDate "2016.06.21"]
[SourceVersion "1"]
[SourceVersionDate "2016.06.21"]
[SourceQuality "1"]

1. e4 c5 2. Nf3 d6 3. d4 cxd4 4. Nxd4 Nf6 5. Nc3 a6 6. Bg5 e6 7. f4 Qc7 8. Qf3 b5 9. 0-0-0 b4 10. Nce2 Nbd7 11. Bxf6 gxf6 12. e5 d5 13. Qh5 Nc5 14. exf6 Ne4 15. Qf3 Nxf6 16. g4 Bb7 17. Ng3 Bd6 18. Bd3 Bxf4+ 19. Kb1 Be5 20. Nb3 a5 21. Bb5+ Ke7 22. Rhf1 Rhc8 23. Bd3 a4 24. g5 axb3 25. gxf6+ Kf8 26. cxb3 Qa5 27. a4 0-1

[Event "Brasilia Terraviva op"]
[Site "Brasilia"]
[Date "2016.04.21"]
[Round "1"]
[White "Valcarcel, Victor Ignacio Sant"]
[Black "Coutinho, Sidnei Bissacot"]
[Result "0-1"]
[WhiteElo "1598"]
[BlackElo "2101"]
[PlyCount "72"]
[EventDate "2016.04.21"]
[EventType "swiss"]
[EventRounds "7"]
[EventCountry "BRA"]
[SourceTitle "CBM 172 Extra"]
[Source "ChessBase"]
[SourceDate "2016.06.21"]
[SourceVersion "1"]
[SourceVersionDate "2016.06.21"]
[SourceQuality "1"]

1. e4 e5 2. Nf3 Nc6 3. Bb5 a6 4. Ba4 Nf6 5. d3 b5 6. Bb3 Be7 7. Nc3 0-0 8. 0-0 d6 9. h3 Na5 10. Be3 Bb7 11. Nd2 b4 12. Ne2 d5 13. exd5 Nxb3 14. Nxb3 Qxd5 15. f3 Nh5 16. Qe1 f5 17. Rd1 a5 18. Bf2 Ra6 19. Bh4 g5 20. Bg3 Rg6 21. c4 Qd6 22. Nxa5 Qb6+ 23. d4 Nxg3 24. Nxg3 Qxa5 25. dxe5 g4 26. fxg4 Qc5+ 27. Kh2 fxg4 28. Rxf8+ Bxf8 29. Nh5 Qc6 30. Rd2 gxh3 31. g3 Be7 32. Qf1 Rg5 33. Nf6+ Bxf6 34. exf6 Kf7 35. Re2 Rf5 36. Re7+ Kf8 0-1

[Event "BRA-ch Amateur"]
[Site "Sao Paulo"]
[Date "2015.04.01"]
[Round "3"]
[White "Coutinho, Sidnei Bissacot"]
[Black "Vicentin, Marcos Tadeu"]
[Result "1-0"]
[WhiteElo "2078"]
[BlackElo "1909"]
[PlyCount "113"]
[EventDate "2015.04.30"]
[EventType "swiss"]
[EventRounds "7"]
[EventCountry "BRA"]
[SourceTitle "EXT 2022"]
[Source "ChessBase"]
[SourceDate "2021.10.06"]
[SourceVersion "1"]
[SourceVersionDate "2021.10.06"]
[SourceQuality "1"]

1. d4 Nf6 2. c4 c5 3. d5 b5 4. cxb5 a6 5. bxa6 g6 6. Nc3 Bxa6 7. e4 Bxf1 8. Kxf1 d6 9. g3 Bg7 10. Kg2 0-0 11. Nge2 Nbd7 12. Qc2 Qa5 13. Rb1 Rfb8 14. b3 Ne8 15. Bb2 Nc7 16. h4 h5 17. f4 Nf6 18. Rhf1 Ng4 19. Rf3 Na6 20. a3 Nc7 21. Na4 Bxb2 22. Rxb2 Nb5 23. f5 Nd4 24. Nxd4 cxd4 25. fxg6 f6 26. Qd1 Qxa4 27. bxa4 Rxb2+ 28. Kg1 Rc8 29. Rb3 Ra2 30. Qb1 Rcc2 31. Qxa2 Rxa2 32. a5 Ra1+ 33. Kg2 Ne3+ 34. Kf2 Ra2+ 35. Ke1 Rxa3 36. Rxa3 Nc2+ 37. Kd2 Nxa3 38. Kd3 Nb5 39. Kc4 Nc7 40. g4 hxg4 41. Kxd4 e6 42. dxe6 Nxe6+ 43. Ke3 Kg7 44. h5 Nc7 45. Kf4 d5 46. exd5 Nxd5+ 47. Kxg4 Nc7 48. Kf5 Nd5 49. a6 Ne7+ 50. Kf4 Nc6 51. Ke4 Na7 52. Kf5 Nb5 53. h6+ Kxh6 54. Kxf6 Nc7 55. a7 Ne8+ 56. Ke7 Nc7 57. Kf7 1-0

[Event "Brasilia FBX op"]
[Site "Brasilia"]
[Date "2015.03.01"]
[Round "4"]
[White "Coutinho, Sidnei Bissacot"]
[Black "Montufar Berrios, Lesly Viviane"]
[Result "1/2-1/2"]
[WhiteElo "2083"]
[BlackElo "1785"]
[PlyCount "73"]
[EventDate "2015.02.27"]
[EventType "swiss"]
[EventRounds "5"]
[EventCountry "BRA"]
[SourceTitle "CBM 165 Extra"]
[Source "ChessBase"]
[SourceDate "2015.04.21"]
[SourceVersion "1"]
[SourceVersionDate "2015.04.21"]
[SourceQuality "1"]

1. d4 Nf6 2. c4 g6 3. Nc3 Bg7 4. e4 d6 5. f4 0-0 6. Nf3 Na6 7. Be2 e5 8. fxe5 dxe5 9. d5 Nc5 10. Qc2 Nfxe4 11. Nxe4 Bf5 12. Bd3 Bxe4 13. Bxe4 f5 14. Bxf5 Rxf5 15. Be3 e4 16. Bxc5 exf3 17. 0-0 Qg5 18. Rae1 b6 19. Be3 Qg4 20. h3 Qg3 21. Qf2 Qxf2+ 22. Rxf2 Raf8 23. Rxf3 Rxf3 24. gxf3 Rxf3 25. Kg2 Rf5 26. Rf1 Rxf1 27. Kxf1 Bf8 28. Ke2 Kf7 29. Kf3 Kf6 30. Ke4 Bd6 31. Bd2 a5 32. h4 Kg7 33. b3 Kf6 34. Bg5+ Kf7 35. Bd2 Ke7 36. Be3 Kf6 37. Bg5+ 1/2-1/2

[Event "BRA-ch Amateur"]
[Site "Sao Paulo"]
[Date "2014.03.03"]
[Round "5"]
[White "Coutinho, Sidnei Bissacot"]
[Black "Cadilhac, Igor Tokuichi Kikuc"]
[Result "1-0"]
[WhiteElo "2077"]
[BlackElo "2033"]
[PlyCount "127"]
[EventDate "2014.03.01"]
[EventType "swiss"]
[EventRounds "7"]
[EventCountry "BRA"]
[SourceTitle "EXT 2016"]
[Source "ChessBase"]
[SourceDate "2015.10.08"]
[SourceVersion "1"]
[SourceVersionDate "2015.10.08"]
[SourceQuality "1"]

1. e4 c5 2. Nf3 d6 3. d4 cxd4 4. Nxd4 Nf6 5. Nc3 g6 6. Be3 Bg7 7. f3 0-0 8. Qd2 Nc6 9. Bc4 Bd7 10. 0-0-0 Rc8 11. Bb3 Na5 12. Kb1 Nxb3 13. cxb3 a5 14. Bh6 a4 15. Bxg7 Kxg7 16. bxa4 Qa5 17. Ndb5 Bxb5 18. axb5 Ra8 19. g4 Nd7 20. h4 h6 21. f4 f6 22. g5 h5 23. f5 Ne5 24. fxg6 Qb4 25. Qd4 Nc4 26. Rh2 Rac8 27. Ka1 Qa5 28. Nd5 e5 29. Qc3 Qxc3 30. bxc3 fxg5 31. hxg5 Rc5 32. Rxh5 Kxg6 33. Rh2 Rxb5 34. Rg1 Na3 35. Nb4 Rc8 36. Rh6+ Kg7 37. Kb2 Nc4+ 38. Kb3 Nd2+ 39. Kb2 Nxe4 40. a4 Rb6 41. Rh4 Nxc3 42. Kb3 Nd5 43. Rg3 Rc1 44. Kb2 Rf1 45. Rb3 Nf4 46. Ka3 Kg6 47. a5 Ra1+ 48. Na2 Rxb3+ 49. Kxb3 Kxg5 50. Rh7 Ne6 51. Kb2 Rxa2+ 52. Kxa2 Nc5 53. Rxb7 e4 54. Kb1 Kf4 55. Kc2 e3 56. Kd1 Ke4 57. Ke2 Kd4 58. Rb6 d5 59. a6 Nd3 60. a7 Nc1+ 61. Ke1 Nd3+ 62. Kd1 Nf4 63. Rb4+ Ke5 64. Rxf4 1-0

[Event "BRA-ch Amateur"]
[Site "Sao Paulo"]
[Date "2014.03.02"]
[Round "4"]
[White "Goncalves, Marcus Vinicius M"]
[Black "Coutinho, Sidnei Bissacot"]
[Result "1/2-1/2"]
[WhiteElo "1970"]
[BlackElo "2077"]
[PlyCount "47"]
[EventDate "2014.03.01"]
[EventType "swiss"]
[EventRounds "7"]
[EventCountry "BRA"]
[SourceTitle "EXT 2016"]
[Source "ChessBase"]
[SourceDate "2015.10.08"]
[SourceVersion "1"]
[SourceVersionDate "2015.10.08"]
[SourceQuality "1"]

1. d4 d5 2. c4 e6 3. Nc3 Nf6 4. Bg5 Be7 5. e3 Ne4 6. Bxe7 Qxe7 7. Qc2 Nxc3 8. Qxc3 0-0 9. Nf3 dxc4 10. Bxc4 b6 11. 0-0 Bb7 12. Be2 Na6 13. Rfd1 Nb4 14. a3 Nd5 15. Qb3 g5 16. Rac1 g4 17. Ne5 h5 18. f3 Qg5 19. f4 Qh4 20. Qd3 Qe7 21. Rf1 Nf6 22. Qc2 Qd6 23. Bd3 Nd5 24. Qf2 1/2-1/2

[Event "BRA-ch Amateur"]
[Site "Sao Paulo"]
[Date "2014.03.01"]
[Round "2"]
[White "Ribeiro, Marcos Willian de S"]
[Black "Coutinho, Sidnei Bissacot"]
[Result "0-1"]
[WhiteElo "1930"]
[BlackElo "2077"]
[PlyCount "56"]
[EventDate "2014.03.01"]
[EventType "swiss"]
[EventRounds "7"]
[EventCountry "BRA"]
[SourceTitle "EXT 2016"]
[Source "ChessBase"]
[SourceDate "2015.10.08"]
[SourceVersion "1"]
[SourceVersionDate "2015.10.08"]
[SourceQuality "1"]

1. e4 c5 2. Nc3 d6 3. f4 Nc6 4. Nf3 g6 5. Bb5 Bd7 6. d3 Bg7 7. 0-0 Nd4 8. Bxd7+ Qxd7 9. e5 Nh6 10. Nxd4 cxd4 11. Ne4 0-0 12. exd6 exd6 13. b3 Nf5 14. Qf3 Rac8 15. Rf2 Rfe8 16. g4 Ne3 17. f5 Nxc2 18. Bh6 Nxa1 19. Bxg7 Kxg7 20. h3 Rc1+ 21. Kg2 Rc2 22. f6+ Kg8 23. Qf4 Rxe4 24. dxe4 Qe6 25. g5 h5 26. Qf3 Qe5 27. h4 Rc3 28. Qe2 Qg3+ 0-1

[Event "Brasilia State-chB"]
[Site "Brasilia"]
[Date "2013.06.10"]
[Round "6"]
[White "Cunha, Lucas Aguiar"]
[Black "Coutinho, Sidnei Bissacot"]
[Result "1-0"]
[WhiteElo "2225"]
[BlackElo "2097"]
[PlyCount "63"]
[EventDate "2013.06.06"]
[EventType "tourn"]
[EventRounds "7"]
[EventCountry "BRA"]
[SourceTitle "EXT 2018"]
[Source "ChessBase"]
[SourceDate "2017.10.13"]
[SourceVersion "1"]
[SourceVersionDate "2017.10.13"]
[SourceQuality "1"]

1. e4 c5 2. Nf3 e6 3. d4 cxd4 4. Nxd4 Nc6 5. Nc3 a6 6. Be2 Qc7 7. 0-0 Nf6 8. Be3 b5 9. Nxc6 Qxc6 10. e5 Nd5 11. Nxd5 exd5 12. Bf3 Bb7 13. Qd4 Rc8 14. Rad1 Bc5 15. Qg4 Qg6 16. Qxg6 hxg6 17. Bf4 Bb6 18. c3 Rc4 19. g3 b4 20. cxb4 Rxb4 21. b3 Rb5 22. Rd3 Ba7 23. Rc1 0-0 24. a4 Rb4 25. Rc7 Rd8 26. Bd2 Bb6 27. Rxb7 Bxf2+ 28. Kxf2 Rxb7 29. Bxd5 Rbb8 30. Bc4 Ra8 31. Bb4 Ra7 32. Bd6 1-0

[Event "Curitiba IRT op"]
[Site "Curitiba"]
[Date "2013.04.07"]
[Round "6"]
[White "Rezende, Guilherme Vilela"]
[Black "Coutinho, Sidnei Bissacot"]
[Result "0-1"]
[WhiteElo "1994"]
[BlackElo "2094"]
[PlyCount "93"]
[EventDate "2013.04.05"]
[EventType "swiss"]
[EventRounds "6"]
[EventCountry "BRA"]
[SourceTitle "CBM 153 Extra"]
[Source "ChessBase"]
[SourceDate "2013.04.22"]
[SourceVersion "1"]
[SourceVersionDate "2013.04.22"]
[SourceQuality "1"]

1. c4 Nf6 2. Nf3 g6 3. b3 Bg7 4. Bb2 d5 5. e3 c6 6. Be2 0-0 7. 0-0 Bg4 8. h3 Bf5 9. d3 Na6 10. d4 dxc4 11. bxc4 Qb6 12. Qb3 Nd7 13. Nc3 c5 14. Nd5 Qd6 15. Rfd1 Nb6 16. Nc3 cxd4 17. exd4 Qd8 18. a4 Nc8 19. c5 Be6 20. Qb5 Rb8 21. d5 Nc7 22. Qb3 Bd7 23. c6 Be8 24. a5 Nd6 25. cxb7 Rxb7 26. Qc2 Bd7 27. Nd4 Qb8 28. Ba3 Bxd4 29. Rxd4 Bf5 30. Bd3 Bxd3 31. Rxd3 Ncb5 32. Nxb5 Rxb5 33. a6 Rc8 34. Rc3 Rxc3 35. Qxc3 Rxd5 36. Bb2 f6 37. Re1 Kf8 38. Qe3 Nf5 39. Qe6 Rd6 40. Qe2 Qc7 41. g4 Nh4 42. Ba3 Rd7 43. Qe3 g5 44. Rc1 Qd8 45. Re1 Qc7 46. Rc1 Qd8 47. Qe4 0-1

[Event "BRA-ch Amateur"]
[Site "Sao Paulo"]
[Date "2013.02.09"]
[Round "2"]
[White "Boabaid, Jorge Alberto Duard"]
[Black "Coutinho, Sidnei Bissacot"]
[Result "0-1"]
[WhiteElo "1880"]
[BlackElo "2083"]
[PlyCount "104"]
[EventDate "2013.02.09"]
[EventType "swiss"]
[EventRounds "7"]
[EventCountry "BRA"]
[SourceTitle "CBM 152 Extra"]
[Source "ChessBase"]
[SourceDate "2013.02.25"]
[SourceVersion "1"]
[SourceVersionDate "2013.02.25"]
[SourceQuality "1"]

1. e4 c5 2. Nf3 d6 3. d4 cxd4 4. Nxd4 Nf6 5. Nc3 g6 6. Be3 Bg7 7. f3 0-0 8. Qd2 Nc6 9. 0-0-0 Nxd4 10. Bxd4 Be6 11. Nd5 Rc8 12. h4 Nxd5 13. Bxg7 Kxg7 14. exd5 Bf5 15. Bd3 Bxd3 16. Qxd3 Qa5 17. Kb1 Qc5 18. h5 e5 19. dxe6 fxe6 20. hxg6 hxg6 21. Qd2 Rh8 22. Rxh8 Rxh8 23. b4 Qc6 24. Qxd6 Qxd6 25. Rxd6 Kf6 26. f4 Rc8 27. Rd4 Rc3 28. Kb2 Rg3 29. Rd2 Rg4 30. c4 Rxf4 31. Kc3 g5 32. a4 Ke7 33. a5 a6 34. Rd4 Rf1 35. Rd2 e5 36. b5 Ke6 37. bxa6 bxa6 38. c5 Rc1+ 39. Kb4 Rb1+ 40. Kc4 Rc1+ 41. Kb4 e4 42. Rd6+ Ke5 43. Rxa6 e3 44. Ra8 Kd4 45. Rd8+ Ke4 46. a6 e2 47. Kb5 e1Q 48. Re8+ Kd5 49. Rxe1 Rxe1 50. a7 Rb1+ 51. Ka6 Kxc5 52. a8Q Ra1+ 0-1

[Event "Brasilia-ch 52nd"]
[Site "Brasilia"]
[Date "2012.08.26"]
[Round "11"]
[White "Abrantes, Tiago Garrido"]
[Black "Coutinho, Sidnei Bissacot"]
[Result "1-0"]
[WhiteElo "2095"]
[BlackElo "2106"]
[PlyCount "45"]
[EventDate "2012.08.17"]
[EventType "tourn"]
[EventRounds "11"]
[EventCountry "BRA"]
[SourceTitle "CBM 150 Extra"]
[Source "ChessBase"]
[SourceDate "2012.10.19"]
[SourceVersion "1"]
[SourceVersionDate "2012.10.19"]
[SourceQuality "1"]

1. e4 c5 2. Nc3 d6 3. f4 e5 4. fxe5 dxe5 5. Nf3 Nc6 6. Bc4 Bg4 7. d3 Nf6 8. Bg5 Be7 9. 0-0 0-0 10. Qe1 Bxf3 11. Rxf3 Nd4 12. Rh3 Ne6 13. Bd2 Ng4 14. Nd5 Bg5 15. Bxg5 Qxg5 16. Rg3 b5 17. Bb3 a5 18. c3 Nf4 19. h3 h5 20. hxg4 Ra6 21. Bd1 Rg6 22. gxh5 Qxg3 23. Ne7+ 1-0

[Event "Brasilia-ch 52nd"]
[Site "Brasilia"]
[Date "2012.08.25"]
[Round "8"]
[White "Coutinho, Sidnei Bissacot"]
[Black "Nascimento, Davi da Silva"]
[Result "0-1"]
[WhiteElo "2106"]
[BlackElo "2120"]
[PlyCount "62"]
[EventDate "2012.08.17"]
[EventType "tourn"]
[EventRounds "11"]
[EventCountry "BRA"]
[SourceTitle "CBM 150 Extra"]
[Source "ChessBase"]
[SourceDate "2012.10.19"]
[SourceVersion "1"]
[SourceVersionDate "2012.10.19"]
[SourceQuality "1"]

1. e4 c5 2. Nf3 Nc6 3. d4 cxd4 4. Nxd4 Nf6 5. Nc3 e5 6. Nf3 h6 7. Bc4 a6 8. Be3 d6 9. h3 Be7 10. Qd2 b5 11. Bb3 Bb7 12. 0-0-0 Na5 13. Bd5 Nc4 14. Qd3 Qc7 15. Bxb7 Qxb7 16. g4 Nxe3 17. Qxe3 b4 18. Nd5 Nxd5 19. Rxd5 0-0 20. h4 Rac8 21. Nd2 a5 22. b3 Rc3 23. Qe2 a4 24. Qb5 Qc8 25. Nc4 axb3 26. axb3 Qxg4 27. Re1 Qf4+ 28. Rd2 Ra8 29. Ree2 Qxh4 30. Kb2 Qh1 31. Na5 Rc5 0-1

[Event "BRA-ch sf3"]
[Site "Brasilia"]
[Date "2012.07.28"]
[Round "5"]
[White "De Andrade, Francisco Edmundo"]
[Black "Coutinho, Sidnei Bissacot"]
[Result "0-1"]
[WhiteElo "1903"]
[BlackElo "2106"]
[PlyCount "121"]
[EventDate "2012.07.21"]
[EventType "swiss"]
[EventRounds "6"]
[EventCountry "BRA"]
[SourceTitle "EXT 2014"]
[Source "ChessBase"]
[SourceDate "2013.11.20"]
[SourceVersion "1"]
[SourceVersionDate "2013.11.20"]
[SourceQuality "1"]

1. e4 e6 2. d4 d5 3. Nc3 Bb4 4. e5 c5 5. Bd2 cxd4 6. Nb5 Be7 7. Qg4 g6 8. 0-0-0 Nc6 9. Nf3 Bc5 10. Bf4 Qa5 11. Kb1 Bd7 12. Nbxd4 h5 13. Qg3 Qb6 14. Be3 Nge7 15. c3 a5 16. Bd3 a4 17. Nxc6 bxc6 18. Bxc5 Qxc5 19. a3 0-0 20. Qg5 Rab8 21. Rd2 Kg7 22. Qf6+ Kg8 23. Ka2 Rb7 24. Qf4 Kg7 25. Qxa4 Rfb8 26. Qd4 Qa5 27. b4 Qa8 28. Kb2 c5 29. Qxc5 Nc6 30. Ra1 Rc8 31. Qd6 Be8 32. a4 Nxb4 33. Bb5 Bxb5 34. axb5 Nd3+ 35. Rxd3 Rxb5+ 36. Qb4 Rxb4+ 37. cxb4 Qb8 38. Rb3 Rc4 39. b5 Qb6 40. Ra6 Qxf2+ 41. Ka3 Qc5+ 42. Ka2 Rc2+ 43. Ka1 Rc1+ 44. Ka2 Qc2+ 45. Rb2 Qc4+ 46. Rb3 Rc3 47. Raa3 Rc2+ 48. Ka1 Qf1+ 49. Rb1 Rc1 50. Rab3 Rxb1+ 51. Rxb1 Qxg2 52. Rb3 Qc2 53. Nd4 Qd1+ 54. Ka2 Qxd4 55. b6 Qxe5 56. h4 Qb8 57. b7 f5 58. Kb2 Kf6 59. Kc3 Ke7 60. Kd4 e5+ 61. Kc5 0-1

[Event "Brasilia op"]
[Site "Brasilia"]
[Date "2012.??.??"]
[Round "3"]
[White "Coutinho, Sidnei Bissacot"]
[Black "Abrantes, Tiago Garrido"]
[Result "1/2-1/2"]
[WhiteElo "2118"]
[BlackElo "2095"]
[PlyCount "102"]
[EventDate "2012.09.06"]
[EventType "swiss"]
[EventRounds "6"]
[EventCountry "BRA"]
[SourceTitle "CBM 150 Extra"]
[Source "ChessBase"]
[SourceDate "2012.10.19"]
[SourceVersion "1"]
[SourceVersionDate "2012.10.19"]
[SourceQuality "1"]

1. e4 e5 2. Nf3 Nc6 3. Bb5 a6 4. Ba4 Nf6 5. 0-0 Be7 6. Re1 b5 7. Bb3 d6 8. c3 0-0 9. h3 Nd7 10. d4 Bf6 11. a4 Bb7 12. Qd3 exd4 13. cxd4 Nxd4 14. Nxd4 Nc5 15. Qe2 Bxd4 16. Bc2 Re8 17. Nd2 bxa4 18. Nf3 Bf6 19. Qc4 Bc6 20. Ra3 Qd7 21. Rae3 Qe6 22. Qe2 Rab8 23. Bb1 g6 24. Qc2 Qe7 25. e5 dxe5 26. Nxe5 Bxe5 27. Rxe5 Qxe5 28. Rxe5 Rxe5 29. Qc3 Rbe8 30. Be3 Bb5 31. Ba2 Rxe3 32. fxe3 Ne6 33. Kf2 h6 34. Qf6 Bd7 35. h4 h5 36. Ke1 Bb5 37. g3 Bd7 38. Kd2 Rb8 39. Kc3 Rb6 40. Bc4 Bb5 41. Bd5 Rd6 42. e4 Kf8 43. Kb4 c6 44. Bxe6 Rxe6 45. Qh8+ Ke7 46. e5 Kd7 47. Kc5 Bd3 48. Qg7 Ke7 49. Kb6 c5+ 50. Kxc5 Bb5 51. Kd4 Rc6 1/2-1/2

[Event "Brasilia op"]
[Site "Brasilia"]
[Date "2012.??.??"]
[Round "6"]
[White "Rabello, Felipe Botelho"]
[Black "Coutinho, Sidnei Bissacot"]
[Result "1-0"]
[WhiteElo "2035"]
[BlackElo "2118"]
[PlyCount "66"]
[EventDate "2012.09.06"]
[EventType "swiss"]
[EventRounds "6"]
[EventCountry "BRA"]
[SourceTitle "CBM 150 Extra"]
[Source "ChessBase"]
[SourceDate "2012.10.19"]
[SourceVersion "1"]
[SourceVersionDate "2012.10.19"]
[SourceQuality "1"]

1. e4 c5 2. Nf3 d6 3. d4 cxd4 4. Nxd4 Nf6 5. Nc3 g6 6. Be3 Bg7 7. Bc4 0-0 8. h3 Nc6 9. Bb3 Bd7 10. 0-0 Rc8 11. Re1 a6 12. Nxc6 Bxc6 13. Nd5 Nxe4 14. Bb6 Qd7 15. Rxe4 e6 16. c3 exd5 17. Bxd5 Qf5 18. Bxc6 Rxc6 19. Rb4 a5 20. Rb3 Re8 21. Qf1 a4 22. Rb5 Qe6 23. Be3 a3 24. Rxb7 axb2 25. Rxb2 Rxc3 26. Re1 Ra3 27. Rbe2 Rxa2 28. Bd2 Be5 29. Kh1 Qd5 30. Bc1 Rea8 31. Bh6 R8a3 32. Re3 f5 33. f4 Bf6 1-0